LEADER 00939nam0-22003131i-450- 001 990001316740403321 010 $a0-8247-8676-9 035 $a000131674 035 $aFED01000131674 035 $a(Aleph)000131674FED01 035 $a000131674 100 $a20000920d1992----km-y0itay50------ba 101 0 $aeng 200 1 $aDifference equations and inequalities$eTheory, Methods, and Applications$fRavi P. Agarwal 210 $aNew York [etc.]$cMarcel Dekker$d199 2 215 $aXIII, 777 p., 23 cm 225 1 $aPure and applied mathematics$v155 610 0 $aEquazioni differenziali funzionali ed alle differenze 676 $a515.62 700 1$aAgarwal,$bRavi P.$041786 801 0$aIT$bUNINA$gRICA$2UNIMARC 901 $aBK 912 $a990001316740403321 952 $aC-8-(155$b9483$fMA1 959 $aMA1 962 $a34KXX 996 $aDifference equations and inequalities$981742 997 $aUNINA DB $aING01